000 00759nam a2200181Ia 4500
008 100921s9999 xx 000 0 und d
082 _b27541
_a915 थ 95
100 _aकारखानीस प्रवीण.
245 _aभ्रमंती देश विदेशांची.
260 _bदिपाली प्रकाशन, कल्याण.
_c1995
300 _a135
_bरसिक साहित्य,पुणे
365 _b70
520 _aप्रवास-स्थल वर्णन.
630 _aभ्रमंती देश विदेशांची.
650 _aप्रवास-स्थल वर्णन.
730 _aभ्रमंती देश विदेशांची.
942 _cBOOK
999 _c776654
_d776651